Top 10 Most Visited Tourist Attractions Worldwide - Statistics

General Stats
  • This quiz has been taken 25 times
  • The average score is 3 of 10
Answer Stats
Hint Answer % Correct
~7 million Eiffel Tower
91%
~10 million Great Wall of China
59%
~9 million The Louvre
41%
50 million Times Square
36%
~6 million Colosseum
32%
15.3 million Forbidden City
18%
42 million Central Park
14%
~41.7 million Las Vegas Strip
5%
~111 millions Dubai Mall
0%
~40 million Grand Bazaar of Istanbul
0%
No matching quizzes found
Score Distribution
Percent of People with Each Score
Percentile by Number Answered
Your Score History
You have not taken this quiz